Catálogo espeleológico de la província de Barcelona : II : Generalidades históricas, geoespeleológicas y bioespeleológicas de la zona 5 (Montserrat-Obac-Sant Llorenç del Munt-Farell-Gallifa), catálogo espeleológico de Sant Llorenç del Munt II :

por Comissió del Cadastre Espeleològic de la Província de Barcelona

Descripción Física: 198 p. : il., 3 f. pleg. ; 24 cm

MARC

LEADER 00000nam a2200000Ia 4500
001 9827
008 160829s1974 xx 000 0 cat d
080 |a C-1-246 
100 |a Comissió del Cadastre Espeleològic de la Província de Barcelona  |9 20187 
245 |a Catálogo espeleológico de la província de Barcelona :  |b  II :  |b  Generalidades históricas, geoespeleológicas y bioespeleológicas de la zona 5 (Montserrat-Obac-Sant Llorenç del Munt-Farell-Gallifa), catálogo espeleológico de Sant Llorenç del Munt 
260 |a Barcelona :  |b Grupo de Exploraciones Subterráneas del Club Montañés Barcelonés, con el concurso de la Excma. Diputación Provincial de Barcelona,  |c 1974 
300 |a 198 p. :  |b  il., 3 f. pleg. ;  |c 24 cm 
650 |a Espeleologia  |x Barcelona (Província)  |9 20188 
710 1 |a Barcelona (Catalunya : Província).  |b Diputació  |9 52408 
710 2 |a Club Muntanyenc Barcelonès   |9 54803 
901 |a Arxiu 
942 |n 1 
952 |0 0  |1 0  |4 0  |6 C1246  |7 1  |9 41481  |a Arxiu  |b Arxiu  |d 2016-12-01  |l 0  |o C-1-246  |p 9827  |r 2016-12-01 00:00:00  |w 2016-12-01  |y ARXIU 
999 |c 43289  |d 43289